000 00475nam a2200193Ia 4500
008 101110s9999 xx 000 0 und d
041 _aENGLISH
082 _bJR1240
100 _aBedi H.L., Ayyar G.S.
245 _aTheory and Practice of Banking
365 _b32
520 _aCommerce
546 _aENGLISH
630 _aTheory and Practice of Banking
650 _aCommerce
655 _aCommerce
730 _aTheory and Practice of Banking
942 _cBOOK
999 _c793639
_d793636